Demokrasi nedir? / (Record no. 12627)
[ view plain ]
| 000 -BAŞLIK | |
|---|---|
| Sabit Uzunlukta Kontrol Alanı | 00788nam a22002657a 4500 |
| 999 ## - SİSTEM KONTROL NUMARALARI (KOHA) | |
| Koha Biblionumber | 12627 |
| Koha Biblioitemnumber | 12627 |
| 003 - KONTROL NUMARASI IDENTIFIER | |
| Denetim Alanı | MIRAKIL |
| 005 - SON İŞLEM TARİHİ VE ZAMANI | |
| Denetim Alanı | 20211214000606.0 |
| 008 - SABİT-BOY VERİ ELEMANLARI - GENEL BİLGİLER | |
| Sabit Uzunlukta Kontrol Alanı | 190125b tu ||||| |||| 00| 0 tur d |
| 020 ## - ULUSLARARASI STANDART KİTAP NUMARASI | |
| Uluslararası Standart Kitap Numarası | 975363773X |
| 040 ## - KATALOGLAMA KAYNAK | |
| Orijinal Kataloglama Ajansı | TR-AnCHP |
| Metne Dönüştürmek Ajansı | TR-AnCHP |
| 041 ## - DİL KODU | |
| Metin / Ses Parça Veya Ayrı Başlığın Dil Kodu | tur |
| 082 ## - DEWEY ONLU SINIFLANDIRMA NUMARASI | |
| Sınıflandırma Numarası | 320.5315 |
| Ürün Numarası | T68d 2004 |
| 100 ## - ANA GİRİŞ - KİŞİSEL İSİM | |
| Kişisel Ad | Touraine, Alain |
| 245 10 - BAŞLIK TABLOSU | |
| Başlık | Demokrasi nedir? / |
| Sorumluluk Tablosu, Vb | Alain Touraine ; çeviren Olcay Kunal . |
| 250 ## - EDITION TABLOSU | |
| Baskı Beyanı | 4. bs. |
| 260 ## - YAYIN, DAĞITIM, VB | |
| Yayın, Dağıtım, Vb Yeri | İstanbul: |
| Yayıncı, Dağıtıcı, Vs Adı | Yapı kredi yayınları, |
| Yayın, Dağıtım, Vb Tarihi | 2004. |
| 300 ## - FİZİKSEL TANIM | |
| Kapsam | 303 s. |
| Boyutlar | 21 sm. |
| 490 0# - SERİSİ TABLOSU | |
| Seri Beyanı | Yapı kredi yayınları |
| Hacim / Ardışık Tanımı | 901 |
| 490 0# - SERİSİ TABLOSU | |
| Seri Beyanı | Cogito |
| Hacim / Ardışık Tanımı | 66 |
| 500 ## - GENEL NOT | |
| Genel Not | Özgün yapıt adı : Qu'est-che que la dèmocratie? |
| 650 #0 - KONU KATMA GİRİŞ - TOPİKAL DÖNEM | |
| Topikal Süreli Veya Coğrafi Ad Giriş Elemanı | Siyaset ve yönetim |
| Genel Alt Bölümü | Türkiye |
| 9 (RLIN) | 9 |
| 650 #4 - KONU KATMA GİRİŞ - TOPİKAL DÖNEM | |
| 9 (RLIN) | 1030 |
| Topikal Süreli Veya Coğrafi Ad Giriş Elemanı | Demokrasi |
| 700 ## - KATMA GİRİŞ - KİŞİSEL İSİM | |
| 9 (RLIN) | 5068 |
| Kişisel Ad | Kunal, Olcay |
| Relator Terim | çev. |
| 942 ## - EKLENDİ GİRİŞ ELEMANLARI (KOHA) | |
| Sınıflandırma Veya Raf Düzeni Kaynak | Dewey Decimal Classification |
| Koha Öğesi Türü | Books |
| Kalıcı Konum | Mevcut Konum | Edinme Tarihi | Edinim Kaynak | Toplam Check-Out'Lar | Tam Çağrı Numarası | Barkod | Tarih Son Görülme | İtibaren Geçerli Fiyatlar | Sigara Kamu Notu | Koha Öğesi Türü |
|---|---|---|---|---|---|---|---|---|---|---|
| CHP Kütüphanesi | CHP Kütüphanesi | 01/25/2019 | Bağış | 320.5315 T68d 2004 | 018734 | 01/25/2019 | 01/25/2019 | Ertuğrul Çepni bağışıdır. | Books |
